<?xml version="1.0" encoding="UTF-8"?>
<marc:record xmlns:marc="http://www.loc.gov/MARC21/slim">
   <marc:leader>00000nam a2200000 a 4500</marc:leader>
   <marc:datafield ind1="0" ind2="0" tag="245">
      <marc:subfield code="a">Garten + Haus - Ausgabe 06/2026. - 06/2026</marc:subfield>
   </marc:datafield>
   <marc:datafield ind1=" " ind2="1" tag="264">
      <marc:subfield code="c">2026</marc:subfield>
   </marc:datafield>
   <marc:datafield ind1="1" ind2=" " tag="490">
      <marc:subfield code="a">Garten + Haus</marc:subfield>
   </marc:datafield>
   <marc:datafield ind1="1" ind2=" " tag="520">
      <marc:subfield code="a">Dornröschen will hoch hinaus
- Für welche Zwecke Ramblerrosen sinnvoll sind
- Empfehlungswerte Kletterrosen-Sorten für den Garten
- Rosen richtig aufleiten - auch Strauchrosen!

Problem gelöst: Dieses Gemüse wächst auch im Halbschatten
Bewährter Hilfsstoff: Wie Pflanzenkohle den Boden verbessert
Die besten Erdbeer-Sorten für daheim
</marc:subfield>
   </marc:datafield>
</marc:record>
